000 00502nam a2200169Ia 4500
008 110201s9999 xx 000 0 und d
082 _bB568
_aK 388
100 _aगोगटे शकुंतला
245 _aअभिमान
260 _bप्रमोद प्रकाशन
365 _b10
600 _aगोगटे शकुंतला
630 _aअभिमान
700 _aगोगटे शकुंतला
730 _aअभिमान
942 _cBOOK
999 _c828025
_d828022